000 00804nam a2200253Ia 4500
003 OSt
005 20220923211034.0
006 a|||||r|||| 00| 0
007 ta
008 Pun
020 _a8171433359 (hbk)
_c150
024 _a243,543
037 _b248, 08/10/2010, H.K. Prakashan
_cTextual
040 _aARTS
_cARTS
_bPun
041 _2Pun
_aPun
082 _aO153,1N04x, P3
100 _aਮਨਜੀਤਪਾਲ ਕੌਰ
_9156358
245 0 _aਆਸਾਵਰੀ
260 _aਅੰਮ੍ਰਿਤਸਰ
_b ਰਵੀ ਸਾਰਿਤ ਪ੍ਰਕਾFਨ
_c2003
300 _a144ਪੰ
_ccm.
650 _aਪੰਜਾਬੀ ਸਾਹਿਤ
942 _hO153,1N04x, P3
_cTEXL
_2CC
999 _c294323
_d294323